| 000 | 01060cam a22003014a 4500 | ||
|---|---|---|---|
| 001 | 2124046 | ||
| 003 | ARRUPE | ||
| 005 | 20160210103004.0 | ||
| 008 | 970304s1997 nyu b 001 0 eng | ||
| 010 | _a 97012039 | ||
| 020 | _a0312121644 (pbk.) | ||
| 040 |
_aDLC _cDLC _dDLC |
||
| 042 | _apcc | ||
| 050 | 0 | 0 |
_aB2799.A4 _bK46 1997 |
| 082 | 0 | 0 |
_a111/.85/092 _221 |
| 100 | 1 |
_aKemal, Salim. _922197 |
|
| 245 | 1 | 0 |
_aKant's aesthetic theory : _ban introduction / _cSalim Kemal. |
| 250 | _a2nd ed. | ||
| 260 |
_aNew York : _bSt. Martin's Press, _c1997. |
||
| 300 |
_axi, 197 p. ; _c22 cm. |
||
| 504 | _aIncludes bibliographical references (p. 170-193) and index. | ||
| 600 | 1 | 0 |
_aKant, Immanuel, _d1724-1804 _xAesthetics. _921063 |
| 650 | 0 |
_aAesthetics, Modern _y18th century. _922198 |
|
| 906 |
_a7 _bcbc _corignew _d1 _eocip _f19 _gy-gencatlg |
||
| 942 |
_2lcc _cMONOGRAPH |
||
| 999 |
_c124138 _d124138 |
||